000 00886nam a2200265Ia 4500
003 OSt
005 20220923211215.0
006 a|||||r|||| 00| 0
007 ta
008 220922b |||||||| |||| 00| 0 hin d
020 _a9788126330010 (hbk)
_c190
024 _a263,639
037 _b1860, 16/07/2012, Kiran Book Service
_cTextual
040 _aARTS
_cARTS
_bhin
041 _2hin
_ahin
082 _aO152,3N32x, Q1
100 _aजोशी, शेखर
_9159646
245 0 _aआदमी का डर
246 _aĀdamī kā ḍara
260 _aदिल्ली
_b भारतीय ज्ञानपीठ
_c2011
300 _a190पृ.
_ccm.
650 _aहिन्दी साहित्य
_9156264
942 _hO152,3N32x, Q1
_cTEXL
_2CC
999 _c296878
_d296878